| Tag |
First Indicator |
Second Indicator |
Subfields |
| LEADER |
00000cam a2200000Ii 4500 |
| 001 |
in00003925321 |
| 005 |
20171212133145.0 |
| 008 |
170615t20172017waua 001 0 eng d |
| 035 |
|
|
|a (OCoLC)ocn990286618
|
| 040 |
|
|
|a BTCTA
|b eng
|e rda
|c BTCTA
|d BDX
|d FM0
|d ON8
|d JBL
|
| 020 |
|
|
|a 9780786966110
|q (hardcover)
|
| 020 |
|
|
|a 0786966114
|q (hardcover)
|
| 035 |
|
|
|a (OCoLC)990286618
|
| 050 |
1 |
4 |
|a GV1469.62.D84
|b X36 2017
|
| 082 |
0 |
4 |
|a 793.93
|2 23
|
| 049 |
|
|
|a TXAM
|
| 245 |
0 |
0 |
|a Xanathar's guide to everything.
|
| 246 |
3 |
0 |
|a Guide to everything
|
| 246 |
1 |
4 |
|a D&D Xanathar's guide to everything
|
| 246 |
3 |
|
|a Dungeons & dragons Xanathar's guide to everything
|
| 264 |
|
1 |
|a Renton, WA :
|b Wizards of the Coast,
|c 2017.
|
| 264 |
|
4 |
|c ©2017
|
| 300 |
|
|
|a 192 pages :
|b color illustrations ;
|c 29 cm
|
| 336 |
|
|
|a text
|b txt
|2 rdacontent
|
| 337 |
|
|
|a unmediated
|b n
|2 rdamedia
|
| 338 |
|
|
|a volume
|b nc
|2 rdacarrier
|
| 500 |
|
|
|a "For use with the fifth edition Player's handbook, Monster manual, and Dungeon master's guide"--Back cover.
|
| 500 |
|
|
|a Includes index.
|
| 505 |
0 |
|
|a Character options -- Dungeon Master's tools -- Spells -- Appendix A: Shared campaigns -- Appendix B: character names.
|
| 520 |
|
|
|a "The beholder Xanathar, Waterdeep's most infamous crime lord, is known to hoard information on friend and foe alike. He catalogs lore about adventurers and ponders methods to thwart them. His twisted mind imagines that he can eventually record everything! Assembled here for the first time are a set of new rules and story options for all the character classes in the Player's Handbook, including over twenty-five new subclasses. The book also presents new spells for both player characters and monsters. Dungeon Masters will find new rules for traps, magic items, downtime activities, and more -- all designed to enhance a D&D campaign and push it in new directions. Amid all this expansion material, the Xanathar offers bizarre observations about whatever his eyestalks happen to glimpse. Pray they don't come to rest on you!" -- Back cover.
|
| 650 |
|
0 |
|a Dungeons and Dragons (Game)
|v Handbooks, manuals, etc.
|
| 650 |
|
0 |
|a Fantasy games
|v Handbooks, manuals, etc.
|
| 650 |
|
0 |
|a Monsters.
|
| 655 |
|
7 |
|a Handbooks and manuals.
|2 lcgft
|
| 710 |
2 |
|
|a Wizards of the Coast, Inc.
|
| 948 |
|
|
|a cataloged
|b h
|c 2017/12/12
|d c
|e ceaton
|f 1:31:25 pm
|
| 994 |
|
|
|a C0
|b TXA
|
| 999 |
f |
f |
|s e9e0d77a-c984-35c3-9e18-084e63301c8c
|i cdcb871d-db30-3b0a-86c9-ae1d99d66833
|t 0
|
| 952 |
f |
f |
|p normal
|a Texas A&M University
|b College Station
|c Sterling C. Evans Library
|d Evans: Library Stacks
|t 0
|e GV1469.62.D84 X36 2017
|h Library of Congress classification
|i unmediated -- volume
|m A14852525683
|
| 998 |
f |
f |
|a GV1469.62.D84 X36 2017
|t 0
|l Evans: Library Stacks
|